Southville International School and Colleges
Your cart is empty.
  • Cart
  • Lists
    Public lists Eva Luna New books Lux_list list_1
    Your lists Log in to create your own lists
  • Log in to your account
  • Your cookies
  • Search history
Southville International School and Colleges
  • Advanced search
  • Recent comments
  • Most popular
  • Libraries

Log in to your account

Log in with GOOGLE


If you do not have an external account, but do have a local account, you can still log in:

  1. Home
  2. MARC view: Song for the ancient forest
Normal view MARC view ISBD view

Song for the ancient forest (Record no. 11986)

[ view plain ]
MARC details
000 -LEADER
fixed length control field 00503nam a22001697a 4500
003 - CONTROL NUMBER IDENTIFIER
control field OSt
005 - DATE AND TIME OF LATEST TRANSACTION
control field 20140310182331.0
008 - FIXED-LENGTH DATA ELEMENTS--GENERAL INFORMATION
fixed length control field 130316t xxu||||| |||| 00| 0 eng d
020 ## - INTERNATIONAL STANDARD BOOK NUMBER
International Standard Book Number 0689317190
050 ## - LIBRARY OF CONGRESS CALL NUMBER
Classification number PZ 7
Item number L9766So 1992
082 ## - DEWEY DECIMAL CLASSIFICATION NUMBER
Classification number GS 823
Item number L96 1993
245 ## - TITLE STATEMENT
Title Song for the ancient forest
Statement of responsibility, etc Nancy Luenn ; illustrated by Jill Kastner
260 ## - PUBLICATION, DISTRIBUTION, ETC. (IMPRINT)
Place of publication, distribution, etc New York : Atheneum ; Toronto
Name of publisher, distributor, etc Collier Macmillan Canada
Date of publication, distribution, etc 1993
300 ## - PHYSICAL DESCRIPTION
Extent 1 v. (unpaged)
Dimensions 27 cm.
942 ## - ADDED ENTRY ELEMENTS (KOHA)
Source of classification or shelving scheme Library of Congress Classification
Koha item type
Holdings
Withdrawn status Lost status Source of classification or shelving scheme Damaged status Home library Current library Shelving location Date acquired Total Checkouts Full call number Barcode Date last seen Copy number Price effective from Koha item type
    Library of Congress Classification   Luxembourg Library Luxembourg Library Grade School Section 09/24/2013   PZ 7 .L9766So 1993 3791 02/09/2015 1 10/03/2013 Books

Song for the ancient forest

APA

(1993). Song for the ancient forest. New York : Atheneum ; Toronto: Collier Macmillan Canada.

Chicago

1993. Song for the ancient forest. New York : Atheneum ; Toronto: Collier Macmillan Canada.

Harvard

(1993). Song for the ancient forest. New York : Atheneum ; Toronto: Collier Macmillan Canada.

MLA

Song for the ancient forest. New York : Atheneum ; Toronto: Collier Macmillan Canada. 1993.

  • Place hold
  • Print
  • Cite
  • Add to your cart (remove)
  • Save record
    BIBTEX Dublin Core MARCXML MARC (non-Unicode/MARC-8) MARC (Unicode/UTF-8) MARC (Unicode/UTF-8, Standard) MODS (XML) RIS
  • More searches
    Search for this title in:
    Other Libraries (WorldCat) Other Databases (Google Scholar) Online Stores (Bookfinder.com) Open Library (openlibrary.org)

Exporting to Dublin Core...

SOUTHVILLE LIBRARY

Southville International School and Colleges Library

1281 Tropical Ave. Cor. Luxembourg St., BF Homes International, Las Pinas City

Tel. No. 8256374 / 252358 Loc. 117/146

Powered by Koha